00750nam a22001937a 4500003000900000005001700009008003000026040002200056082002700078100003600105245011700141260003300258300002700291500002200318500007400340534007700414650002800491700003700519DO-SdBNP20221114111309.0171128b1963 sp||| 00| 0 spa d aBPMSUbspacBPMSU a338.9 bB763p 19632221 aE. Boulding, Kennethd1910-199310aPrincipios de política económica /cKenneth E. Boulding ; traducción y prólogo Francisco Alemany Torres aEspaña :bAguilar, c1963. axxvi, 427 p. ;c22 cm. aIncluye índice  aIncluye referencias bibliográficas y notas al pie de las páginas. aTítulo origina : tTítulo original. $tPrinciples of economic policy. 4aPolítica económica.1 aAlemany Torres, Francisco,etr.